Desde mi sotano: Lo que piensa Calles, del Pueblo Mexicano

Síntesis: Boletín No. 5 contiene varios artículos en el primero de ellos pone en alerta los católicos ya que de grupo de funcionarios del gobienro quieren radicalizar los artículos constitucionales antirreligiosos para Calles el pueblo mexicano es un pueblo de "idiotas" de degenerados de mentecatos...

Full description

Saved in:
Bibliographic Details
Main Author: Pellico, Silvio (autor)
Format: Book
Subjects:
Tags: Add Tag
No Tags, Be the first to tag this record!

MARC

LEADER 00000nam^a2200000^a^4500
001 000250958
005 20250526000000.0
009 20260310105835.746
035 |a R01962 
037 |a Acervo Xavier Clavigero 
082 |a 21.  |b PEL 
100 |a Pellico, Silvio  |e (autor) 
245 1 0 |a Desde mi sotano:  |b Lo que piensa Calles, del Pueblo Mexicano 
264 |a México :  |b Destinatario: Público en General,  |c 1926 
300 |a 2 fojas, impreso, 1ej. 15.5x19.9cms. 
336 |a texto  |b txt  |2 rdacontenido 
337 |a sin mediación  |b n  |2 rdamedio 
338 |a volumen  |b nc  |2 rdasoporte 
520 |a Síntesis: Boletín No. 5 contiene varios artículos en el primero de ellos pone en alerta los católicos ya que de grupo de funcionarios del gobienro quieren radicalizar los artículos constitucionales antirreligiosos para Calles el pueblo mexicano es un pueblo de "idiotas" de degenerados de mentecatos así como hechos del conflicto religioso. a) Alerta los Católicos, b) Miedo o precaución, c) Lo que piensa Calles del Pueblo Mexicano, d) Lo que piensa Calles, e) La situación del momento. 
598 |a Boletín N.5 
598 |a En la biblioteca del ILFC, Guadalajara, Jal. 
598 |a Lugares que cita el documento: Nicaragua, Colombia, Zacatecas, Tampico, Monterrey, N.L., Torreón, Coahuila 
649 |a XX 
650 |a * Liga Nacional Defensora de la Libertad Religiosa -  |x Propaganda 
650 |a Constitución -  |z México 
650 |a Administración Pública 
650 |a Jefes de Estado Mexicanos 
600 |a Calles, Plutarco Elías 
910 |a Fondo Jesús Gómez Fregoso S.J. FXC 
920 |a Impresos - Documentos 
930 |a Libros Antiguos y Raros 
940 |a Guerra Cristera 
905 |a 110 
901 |a R01962  |b IT2  |c LRA  |i R01962  |u 20250526 
902 |a https://opac.biblio.iteso.mx/vufind/Record/000250958